| 000 | 00666nam a22002057a 4500 | ||
|---|---|---|---|
| 008 | 151023b xxu||||| |||| 00| 0 eng d | ||
| 020 | _a9780071781268 (alk. paper) | ||
| 020 | _a0071781269 (alk. paper) | ||
| 041 | 0 | _aeng | |
| 080 | _a658.4 | ||
| 100 | 1 | _aCasullo, David. | |
| 245 | 1 | 0 |
_aLeading the high energy culture : _cDavid Casullo. |
| 260 |
_aNew York : _bMcGraw-Hill, _c2012. |
||
| 300 |
_ax, 256 f. : _bme il.; _c24 cm. |
||
| 650 | 0 | _aKultura në organizatë | |
| 650 | 0 | _aSjellja në organizatë | |
| 650 | 0 | _aMotivimi i punëtorëve | |
| 650 | 0 | _aLidership | |
| 942 |
_2udc _cBK |
||
| 999 |
_c1340 _d1340 |
||